000 00315nam a22001337a 4500
008 180308b xxu||||| |||| 00| 0 eng d
020 _a9781414407517
041 _aeng
080 _a621
100 _a27
101 _aMAK
245 _aENERGY SUPPLIES SUSTAINABILITY AND COSTS
_cSANDRA.M.A
942 _2udc
_cBK
999 _c44406
_d44406